Corée du Nord : Autorisé ou Interdit? - 3 erreurs - Statistiques

Statistiques générales
  • Ce quiz a été pris 49 fois
    44 depuis la dernière actualisation
  • Le résultat moyen est 3 sur 8
Answers on the Grid
Answers color-coded by a green-red scale on the quiz's grid according to % correct below.
Jouer au basketball
Rire dans la rue
Vivre plus de 80 ans
Courir au passage piéton
Porter le prénom d'un officier
Boire dans une bouteille non transparente
Parler seul chez soi
Consommer du cannabis
Ressembler à la fille de Kim Jong-Un
Regarder un film
Lire un article de presse européenne
Avoir une teinture blonde
Porter un jean
Divorcer
Manger des saucisses
Ecouter de la KPOP
Appeler à l'international
Posséder une bible
Posséder un ordinateur portable
Passer son permis librement
Plier une photo de Kim Jong-Un
Couper une statue de Kim Jong-Un en photo
Utiliser des tampons jetables
Utiliser un préservatif
Partir en vacances hors du territoire
Choisir son métier
Sourire en période de deuil national
Manifester dans la rue
Posséder un compte Instagram
Acheter une canette de Coca
Photographier Kim Jong-Un de dos
Regarder une vidéo pour adultes
 
Statistiques - réponses
Réponse % Correct
Vivre plus de 80 ans
63%
Jouer au basketball
40%
Boire dans une bouteille non transparente
37%
Parler seul chez soi
37%
Consommer du cannabis
29%
Rire dans la rue
29%
Courir au passage piéton
17%
Porter le prénom d'un officier
17%
Aucun quiz correspondant
Distribution des résultats
% des personnes avec chaque résultat
Percentile par nombre de réponses
Votre historique - résultats
Vous n’avez pas pris ce quiz depuis la dernière actualisation